UBT Library

Frida Kahlo, 1907-1954 : (Record no. 44758)

000 -LEADER
fixed length control field 00907cam a2200301 a 4500
001 - CONTROL NUMBER
control field 12480589
005 - DATE AND TIME OF LATEST TRANSACTION
control field 20180312090624.0
008 - FIXED-LENGTH DATA ELEMENTS--GENERAL INFORMATION
fixed length control field 940720s1993 gw ac b 000 0beng d
010 ## - LIBRARY OF CONGRESS CONTROL NUMBER
LC control number 2001385570
020 ## - INTERNATIONAL STANDARD BOOK NUMBER
International Standard Book Number 3822896365 (pbk.)
035 ## - SYSTEM CONTROL NUMBER
System control number (OCoLC)ocm30799995
040 ## - CATALOGING SOURCE
Original cataloging agency YGM
Transcribing agency YGM
Modifying agency UIU
-- EZK
-- OCL
-- DLC
041 1# - LANGUAGE CODE
Language code of text/sound track or separate title eng
042 ## - AUTHENTICATION CODE
Authentication code lccopycat
043 ## - GEOGRAPHIC AREA CODE
Geographic area code n-mx---
080 ## - UNIVERSAL DECIMAL CLASSIFICATION NUMBER
Universal Decimal Classification number 7 KET
082 ## - DEWEY DECIMAL CLASSIFICATION NUMBER
Classification number 7 KET
100 1# - Rafti
Rafti 44
101 ## - Shkurtesa
Shkurtesa ART
240 10 - UNIFORM TITLE
Uniform title <a href="Frida Kahlo, 1907-1954.">Frida Kahlo, 1907-1954.</a>
Language of a work English
245 10 - TITLE STATEMENT
Title Frida Kahlo, 1907-1954 :
Statement of responsibility, etc Andrea Kettenmann ; [English translation, Karen Williams].
246 14 - VARYING FORM OF TITLE
Title proper/short title Kahlo
246 30 - VARYING FORM OF TITLE
Title proper/short title Pain and passion
504 ## - BIBLIOGRAPHY, ETC. NOTE
Bibliography, etc Includes bibliographical references (p. 96).
906 ## - LOCAL DATA ELEMENT F, LDF (RLIN)
a 7
b cbc
c copycat
d 3
e ncip
f 20
g y-gencatlg
942 ## - ADDED ENTRY ELEMENTS (KOHA)
Source of classification or shelving scheme
Item type Books
Holdings
Withdrawn status Lost status Source of classification or shelving scheme Damaged status Not for loan Collection code Permanent location Current location Shelving location Date acquired Total Checkouts Full call number Barcode Date last seen Price effective from Koha item type
          Koleksioni i përgjithshem UBT - Lipjan UBT - Lipjan Koleksioni i përgjithshem 03/12/2018   7 KET 002-3001542 03/12/2018 03/12/2018 Books
UBT Library © 2015-2024. All rights reserved University Education for Business and Technology